Countries A-Z West of New York - Statistics

General Stats
  • This quiz has been taken 72 times
  • The average score is 17 of 24
Answer Stats
Letter Longitude where you meet the country Country % Correct
C 74°W Canada, Colombia, Chile
87%
O 59°50′E Oman
78%
J 76°12′W Jamaica
77%
H 74°W Haiti
75%
M 86°42′W Mexico
75%
Q 51°39′E Qatar
75%
Y 54°30′E Yemen
75%
A 167°57′E Australia
74%
N 82°41′W Nicaragua
71%
Z 33°00′E Zimbabwe
71%
B 74°W Bahamas
70%
F 178°15′W Fiji
70%
G 88°15′W Guatemala
70%
V 170°13′E Vanuatu
68%
E 75°15′W Ecuador
67%
R 169°40′W Russia
67%
I 141°05′E Indonesia
65%
K 150°13′W Kiribati
65%
U 74°W United States
65%
P 74°W Peru
64%
T 173°43′W Tonga
61%
D 43°25′E Djibouti
58%
L 106°40′E Laos
55%
S 171°20′W Samoa
52%
No matching quizzes found
Score Distribution
Percent of People with Each Score
Percentile by Number Answered
Your Score History
You have not taken this quiz